Vianoce na zamatových labkách /
Jessamine Pikeová potrebuje radikálnu zmenu, a tak sa presťahuje do starej chalúpky v Cornwalle. Cez deň ju renovuje, po nociach píše román, lebo ho chce dokončiť do Vianoc. Spoločnosť jej robí nádherný kocúr, ktorý sa správa, akoby mu dom patril. Miestne legendy hovoria o duchovi v dome a starobyle...
Uloženo v:
| Hlavní autor: | |
|---|---|
| Médium: | E-kniha |
| Jazyk: | Czech |
| Vydáno: |
Praha :
Albatros Media Slovakia s.r.o.,
2025
|
| Tagy: |
Žádné tagy |
| LEADER | 01505nam a22002297i 4500 | ||
|---|---|---|---|
| 001 | 302731 | ||
| 007 | ta | ||
| 008 | 260514s2025 xr ||||| |||| 00| 0 cze d | ||
| 020 | |a 9788056649336 | ||
| 044 | |a xr | ||
| 100 | 1 | |a Hayward, Lili |4 aut | |
| 245 | 1 | 0 | |a Vianoce na zamatových labkách / |c Hayward, Lili |
| 240 | 1 | 0 | |a The Cat of Yule Cottage |
| 264 | 1 | |a Praha : |b Albatros Media Slovakia s.r.o., |c 2025 | |
| 300 | |a 1 online zdroj (240 stran) | ||
| 336 | |a text |b txt |2 rdacontent | ||
| 337 | |a bez média |b n |2 rdamedia | ||
| 338 | |a online zdroj |b cr |2 rdacarrier | ||
| 520 | 2 | |a Jessamine Pikeová potrebuje radikálnu zmenu, a tak sa presťahuje do starej chalúpky v Cornwalle. Cez deň ju renovuje, po nociach píše román, lebo ho chce dokončiť do Vianoc. Spoločnosť jej robí nádherný kocúr, ktorý sa správa, akoby mu dom patril. Miestne legendy hovoria o duchovi v dome a starobylej skale strážiacej údolie. Jess sa tak ocitá uprostred príbehu starého päťsto rokov – v príbehu o láske, priateľstve, období Vianoc a o jednom výnimočnom kocúrovi. | |
| 910 | |a RBIT002 | ||
| 998 | |d 426988 |a https://core.palmknihy.cz/api/books/426988/cover?tesgie |b https://core.palmknihy.cz/api/books/426988/cover/400?tesgie |c https://core.palmknihy.cz/api/books/426988/cover/50?tesgie |e 2030-02-28 |g 240 |i 9788056649336 |j https://core.palmknihy.cz/api/books/426988/preview.epub |k https://core.palmknihy.cz/api/books/426988/preview.pdf |l |q 49 |r 1 |s https://www.palmknihy.cz/kniha/426988 |t ebook |y 2025 |z 1 | ||
| 999 | |d 302729 | ||